| 000 | 00459pab a2200169 454500 | ||
|---|---|---|---|
| 008 | 180718b2015 xxu||||| |||| 00| 0 eng d | ||
| 100 | _aBarua, Anamika | ||
| 245 | _aStrong or weak sustainability: a case study of emerging Asia | ||
| 260 | _c2015 | ||
| 300 | _ap.1-31. | ||
| 362 | _aJun | ||
| 650 | _aCase studies | ||
| 650 | _aSustainable development | ||
| 700 | _aKhataniar, Bandana | ||
| 773 | _aAsia-Pacific Development Journal | ||
| 909 | _a110025 | ||
| 999 |
_c110020 _d110020 |
||